Responses for Show #1578 - Wednesday, June 12, 1991

Contestants

[<< previous game]

Jeff Moeller, an attorney from Anchorage, Alaska

Al Greengold, a mailman originally from Rahway, New Jersey

Mark Strauch, a molecular biologist originally from South Bend, Indiana (whose 2-day cash winnings total $17,601)

[next game >>]

Jeopardy! Round responses

STATE CAPITALS
SCIENCE
VEGGIES
TOYS & GAMES
EPONYMS
"MY" SONGS
    $100 11
Salt Lake City

Jeff
    $100 1
rubber

Al
    $100 26
beans

Jeff
    $100 16
suits

Jeff
    $100 2
decibel

Al
    $100 21
"My Favorite Things"

Al
    $200 12
Springfield (Illinois)

Jeff
    $200 6
a calorie

Jeff
    $200 27
a rutabaga

Jeff
    $200 17
hopscotch

Jeff
    $200 3
a monkey wrench

Jeff
    $200 22
(Alex: I did it [*].)

"My Way"

Triple Stumper
    $300 13
Hartford

Mark
    $300 7
cellulose

Jeff
    $300 28
cabbage

Jeff
    $300 18
horseshoes

Jeff
    $300 4
Scrooge

Al
    $300 23
"My Kind Of Town"

Mark
    $400 14
Pierre

Al
    $400 8
ozone

Jeff
    $800 29
vitamin A

Jeff
    $400 19
(Al: What is Silly Putty?)

Plasti-Goop

Al
Triple Stumper
    $400 5
[Mark pronounces first name like "Gee".]

Guy Fawkes

Mark
    $400 24
"My Heart Belongs To Daddy"

Triple Stumper
    $500 15
Olympia

Jeff
    $500 9
brass

Jeff
    $500 30
Indian corn

Al
    $500 20
backgammon

Jeff
    $500 10
doily

Mark
    $500 25
"My Ding-A-Ling"

Jeff

Scores at the first commercial break (after clue 15):

Mark Al Jeff
$1,200 $900 $2,400

Scores at the end of the Jeopardy! Round:

Mark Al Jeff
$1,500 $1,100 $5,400

Double Jeopardy! Round responses

LITERARY TRIVIA
FLAGS
SICKNESS & HEALTH
QUOTES
COLLEGES & UNIVERSITIES
THE 13th CENTURY
    $200 28
All the King's Men

Jeff
    $200 17
Great Britain

Mark
    $200 8
sugar

Al
    $200 29
listen

Jeff
    $200 2
Oxford

Mark
    $200 25
Marco Polo

Mark
    $400 27
Gore Vidal

Al
    $400 16
India

Al
    $400 10
carcinogen

Mark
    $400 30
(Al: What is in use?)

open

AlJeff
    $400 3
the Black Hills

Jeff
    $400 24
the Crusades

Jeff
    $600 26
Stephen Crane

Triple Stumper
    $600 15
the Vatican

Al
    $600 11
tumors

Mark
    $600 20
jealousy

Mark
    $600 4
Brigham Young

Mark
    $600 22
the Magna Carta

Mark
    $800 23
The Big Sleep

Al
    $800 14
the Dominican Republic

Jeff
    $800 9
hives

Jeff
    $800 19
time

Al
    $2,000 5
(Mark: What is agriculture?)
...
(Mark: Law?)
...
(Alex: What would have been your third choice?)

the ministry

Mark
    $800 21
Berlin

Jeff
    $1,500 12
(Mark: Who is William Shakespeare?)

Edgar Allan Poe

Mark
    $1000 13
Rwanda

Al
    $1000 7
the duodenum

Jeff
    $1000 18
Robert Browning

Triple Stumper
    $1000 6
Oberlin

Mark
    $1000 1
(Thomas) Aquinas

Jeff

Scores at the end of the Double Jeopardy! Round:

Mark Al Jeff
$2,400 $4,900 $11,400
(lock game)

[wagering suggestions for these scores]

Final Jeopardy! Round responses

U.S. PRESIDENTS
(Alex: [Before revealing the responses] Who is this U.S. president--buried in Washington, D.C., in the National Cathedral?)
MarkWho is Wilson?
$2,400
AlWho was Woodrow Wilson?
$0
JeffWho is Harding?
$400
Woodrow Wilson

Final scores:

Mark Al Jeff
$4,800 $4,900 $11,000
3rd place: Vax vacuum cleaner & Nintendo Entertainment System with Wheel of Fortune, Jeopardy! & Fisher Price preschool + Wheel of Fortune for Game Boy 2nd place: Ricoh Mirai camera & Sanyo stereo system New champion: $11,000

Game dynamics:

Coryat scores:

Mark Al Jeff
$5,900 $4,900 $11,000
13 R,
2 W
(including 2 DDs)
13 R,
2 W
27 R
(including 1 DD),
0 W

Combined Coryat: $21,800

[game clues] [game scores] [suggest correction]

Game tape date: 1991-03-12
The J! Archive is created by fans, for fans. Scraping, republication, monetization, and malicious use prohibited; this site may use cookies and collect identifying information. See terms. The Jeopardy! game show and all elements thereof, including but not limited to copyright and trademark thereto, are the property of Jeopardy Productions, Inc. and are protected under law. This website is not affiliated with, sponsored by, or operated by Jeopardy Productions, Inc. Join the discussion at JBoard.tv.